[Event "BSF Lang Weekend EMT "]
[Site "Copenhagen"]
[Date "2016.02.14"]
[Round "4"]
[White "Pedersen, Hans Dahl"]
[Black "Laustsen, Lars"]
[Result "1-0"]
[WhiteElo "2190"]
[BlackElo "2102"]
[PlyCount "123"]
[EventDate "2016.02.12"]
[EventType "swiss"]
[EventRounds "7"]
[EventCountry "DEN"]

1. c4 c5 2. g3 g6 3. Bg2 Bg7 4. Nc3 Nc6 5. Nf3 e5 6. d3 Nge7 7. Bg5 h6 8. Bd2
O-O 9. Qc1 Kh7 10. O-O d6 11. Ne1 Be6 12. Rb1 d5 13. cxd5 Nxd5 14. Nxd5 Bxd5
15. Qxc5 Bxa2 16. Ra1 Be6 17. Bc3 Qd7 18. Bxc6 Qxc6 19. Qxc6 bxc6 20. Nf3 e4
21. dxe4 Bxc3 22. bxc3 a5 23. Nd4 Bh3 24. Rfb1 Rfd8 25. Nxc6 Rd2 26. Nd4 a4 27.
Ra3 Rb8 28. Rba1 Bd7 29. R3a2 Rxa2 30. Rxa2 Rb1+ 31. Kg2 Rc1 32. Ra3 g5 33. f3
Kg7 34. Nf5+ Kg6 35. Ne7+ Kg7 36. g4 Kh7 37. Nf5 Rc2 38. Kf2 Rc1 39. Ng3 Rb1
40. Ke3 Bb5 41. Nf5 Rb3 42. Rxb3 axb3 43. Kd2 Bxe2 44. Nd4 Bc4 45. Kc1 h5 46.
gxh5 Kh6 47. Kb2 Kxh5 48. Nxb3 Kh4 49. Nd2 Be6 50. c4 Kh3 51. Kc3 Kxh2 52. Kd4
Kg3 53. c5 Kf4 54. e5 g4 55. fxg4 Kxg4 56. c6 Kf5 57. Ne4 Kg6 58. Nc5 Bc8 59.
Nd7 Kf5 60. Kd5 Kf4 61. Kd6 Kf5 62. c7 1-0

[Event "BSF Lang Weekend EMT "]
[Site "Copenhagen"]
[Date "2016.02.14"]
[Round "4"]
[White "Frank Nielsen, Marie"]
[Black "Nielsen, Viktor"]
[Result "1/2-1/2"]
[WhiteElo "1968"]
[BlackElo "2189"]
[PlyCount "95"]
[EventDate "2016.02.12"]
[EventType "swiss"]
[EventRounds "7"]
[EventCountry "DEN"]

1. e4 e5 2. Nf3 Nc6 3. Bb5 a6 4. Ba4 Nf6 5. d3 d6 6. c3 Be7 7. O-O O-O 8. Nbd2
b5 9. Bc2 d5 10. a4 b4 11. Qe2 dxe4 12. dxe4 Bc5 13. Nb3 Bd6 14. Qc4 Qe8 15. a5
Be6 16. Qe2 h6 17. Nbd2 Qb8 18. Bd3 Qc8 19. Nc4 Nd7 20. Ne3 Nc5 21. Bc2 Re8 22.
Nh4 b3 23. Bb1 g6 24. Nd5 Qd8 25. Nf3 Kg7 26. Rd1 Qb8 27. Be3 Nb7 28. Nh4 Bc5
29. Bd2 Qd8 30. g3 Be7 31. Nxe7 Qxe7 32. Bd3 Nc5 33. Bc4 Nb8 34. Bxe6 Qxe6 35.
Qe3 Nbd7 36. Qxh6+ Kg8 37. Qe3 Qc6 38. f3 Nb7 39. Be1 Nd6 40. Bf2 Nc4 41. Qe2
Nf8 42. Ng2 Red8 43. Ne3 Nxe3 44. Bxe3 Ne6 45. Kg2 Kg7 46. h4 Rab8 47. Rxd8
Rxd8 48. Rd1 1/2-1/2

[Event "BSF Lang Weekend EMT "]
[Site "Copenhagen"]
[Date "2016.02.14"]
[Round "4"]
[White "Jacobsen, Mikkel Manosri"]
[Black "Gustafsson, Magnus"]
[Result "1-0"]
[WhiteElo "2188"]
[BlackElo "1950"]
[PlyCount "141"]
[EventDate "2016.02.12"]
[EventType "swiss"]
[EventRounds "7"]
[EventCountry "DEN"]

1. d4 g6 2. c4 Nf6 3. Nc3 d5 4. e3 Bg7 5. cxd5 Nxd5 6. Nxd5 Qxd5 7. Ne2 O-O 8.
Nc3 Qa5 9. Bd2 c6 10. Be2 Nd7 11. b4 Qd8 12. f4 Nf6 13. O-O Nd5 14. Ne4 f5 15.
Nc5 b6 16. Nb3 Bb7 17. Rc1 Qd6 18. a3 Rac8 19. Rc2 Rfd8 20. Qb1 Rd7 21. Rfc1
Rdc7 22. Bf1 Qe6 23. a4 Qd6 24. Bc4 Kh8 25. Bxd5 Qxd5 26. Be1 Qe6 27. Rc3 Qd6
28. Qd3 Qd5 29. Qe2 e6 30. Qc4 Bf8 31. Qxd5 exd5 32. R3c2 Kg7 33. Ra1 Ba6 34.
Rb2 Kf7 35. Nd2 c5 36. b5 Bb7 37. Nf3 cxd4 38. exd4 Bd6 39. Bd2 h6 40. Kf2 Rc2
41. Rxc2 Rxc2 42. Ke3 Bc8 43. Kd3 Rc4 44. Ne5+ Bxe5 45. fxe5 g5 46. a5 Rc7 47.
axb6 axb6 48. Rb1 Bd7 49. Rb2 Kg6 50. Bc3 h5 51. g3 Kf7 52. Bd2 Kg6 53. h4 g4
54. Bf4 Ra7 55. Bd2 Kf7 56. Rb3 Ke6 57. Ke3 Be8 58. Kf4 Rc7 59. Be3 Bd7 60. Kg5
Be8 61. Ra3 Bxb5 62. Rb3 Be8 63. Rxb6+ Ke7 64. Kxf5 Kf7 65. Bh6 Re7 66. Rf6+
Kg8 67. Rf8+ Kh7 68. Kf6 Ra7 69. Rxe8 Ra6+ 70. e6 Ra1 71. Bf4 1-0

[Event "BSF Lang Weekend EMT "]
[Site "Copenhagen"]
[Date "2016.02.14"]
[Round "4"]
[White "Kistrup, Nicolai"]
[Black "Vasli, Aref"]
[Result "0-1"]
[WhiteElo "2058"]
[BlackElo "2169"]
[PlyCount "66"]
[EventDate "2016.02.12"]
[EventType "swiss"]
[EventRounds "7"]
[EventCountry "DEN"]

1. d4 Nf6 2. Nf3 g6 3. c4 Bg7 4. Nc3 c5 5. d5 d6 6. Bg5 h6 7. Bh4 O-O 8. e3 e6
9. dxe6 Bxe6 10. Be2 Qb6 11. Qb3 Nc6 12. Rd1 Rfd8 13. O-O Qxb3 14. axb3 g5 15.
Bg3 d5 16. h4 g4 17. Ne5 Na5 18. cxd5 Nxd5 19. Nxd5 Bxd5 20. b4 cxb4 21. Rd4
Be6 22. Rfd1 Rxd4 23. Rxd4 Bxe5 24. Bxe5 Nc6 25. Re4 f5 26. Bc4 Bxc4 27. Rxc4
Nxe5 28. Rxb4 b6 29. Rb5 Re8 30. Kh2 Kf7 31. Kg3 Kf6 32. Kf4 Nd3+ 33. Kg3 Nc5
0-1

[Event "BSF Lang Weekend EMT "]
[Site "Copenhagen"]
[Date "2016.02.14"]
[Round "4"]
[White "Andersen, Daniel"]
[Black "Andersen, Rune"]
[Result "1-0"]
[WhiteElo "1906"]
[BlackElo "2149"]
[PlyCount "90"]
[EventDate "2016.02.12"]
[EventType "swiss"]
[EventRounds "7"]
[EventCountry "DEN"]

1. c4 e5 2. Nc3 Nc6 3. Nf3 d6 4. d4 Bd7 5. d5 Nb8 6. e4 Be7 7. g3 a5 8. b3 Na6
9. Bg2 Nf6 10. O-O Qc8 11. Ne1 Bh3 12. Nd3 b6 13. f3 h5 14. Bg5 Nxd5 15. Nxd5
Bxg5 16. f4 Bxg2 17. Kxg2 exf4 18. gxf4 Bd8 19. Ne3 Bf6 20. e5 dxe5 21. fxe5
Bg5 22. Qf3 O-O 23. Nf5 g6 24. h4 Bd8 25. Qg3 Qb7+ 26. Kh2 Kh7 27. Qf4 g5 28.
hxg5 Rg8 29. Ng3 Rg7 30. Qf5+ Kh8 31. Ne4 Be7 32. Nf6 Rd8 33. Rad1 Rd4 34. Rf4
Rxf4 35. Qxf4 Qc8 36. Qh4 Bxf6 37. exf6 Rh7 38. Ne5 Nc5 39. Nc6 Ne6 40. Rg1 Qd7
41. Qe4 h4 42. Ne5 Qe8 43. g6 fxg6 44. Nxg6+ Kg8 45. Ne7+ Kf8 1-0

[Event "BSF Lang Weekend EMT "]
[Site "Copenhagen"]
[Date "2016.02.14"]
[Round "4"]
[White "Brondal, Paul"]
[Black "Nilssen, Ellen Fredericia"]
[Result "1/2-1/2"]
[WhiteElo "2100"]
[BlackElo "1799"]
[PlyCount "99"]
[EventDate "2016.02.12"]
[EventType "swiss"]
[EventRounds "7"]
[EventCountry "DEN"]

1. c4 e6 2. g3 d5 3. Bg2 Nf6 4. Nf3 Be7 5. O-O O-O 6. b3 b6 7. Bb2 Bb7 8. e3 c5
9. Qe2 Nbd7 10. Nc3 Rc8 11. Rfd1 Qc7 12. Rac1 Rfd8 13. cxd5 Nxd5 14. a3 Qb8 15.
d3 Qa8 16. e4 Nxc3 17. Bxc3 Nb8 18. Qb2 Bf8 19. b4 c4 20. dxc4 Rxd1+ 21. Rxd1
Bxe4 22. Ne1 Bxg2 23. Nxg2 Na6 24. Ne3 Rd8 25. Qc2 Be7 26. Qa4 Rxd1+ 27. Qxd1
Qc8 28. Qd3 h6 29. Ng4 Qd8 30. Ne5 Qe8 31. c5 Qc8 32. Qf3 Bf6 33. Nc6 Qd7 34.
Bxf6 gxf6 35. cxb6 axb6 36. b5 Nc5 37. Qxf6 Qd1+ 38. Kg2 Qh5 39. Qe5 Qg4 40.
Qd4 Qe2 41. Ne7+ Kf8 42. Qd8+ Kg7 43. Qxb6 Nd3 44. Qd4+ Kf8 45. Nc6 Ne1+ 46.
Kh3 Qf1+ 47. Kg4 Qe2+ 48. Kh3 Qf1+ 49. Kg4 Qe2+ 50. Kh3 1/2-1/2

[Event "BSF Lang Weekend EMT "]
[Site "Copenhagen"]
[Date "2016.02.14"]
[Round "4"]
[White "Moller, Arne"]
[Black "Rostgaard, Tobias Valentin"]
[Result "0-1"]
[WhiteElo "1853"]
[BlackElo "2240"]
[PlyCount "62"]
[EventDate "2016.02.12"]
[EventType "swiss"]
[EventRounds "7"]
[EventCountry "DEN"]

1. e4 e5 2. Nf3 Nc6 3. Bb5 Nf6 4. O-O Nxe4 5. d4 Nd6 6. Bxc6 dxc6 7. dxe5 Nf5
8. Qxd8+ Kxd8 9. h3 Bd7 10. c3 h6 11. Nbd2 Kc8 12. Re1 b6 13. b3 c5 14. Bb2 a5
15. g4 Ne7 16. c4 Ng6 17. Re3 Nf4 18. Nh4 h5 19. Nf5 hxg4 20. hxg4 Be6 21. Rf3
Ng6 22. Ne4 Kb7 23. Ng5 Rd8 24. Bc3 Rd7 25. Nxe6 fxe6 26. Ng3 Rh4 27. Kf1 Rxg4
28. Re1 Rf4 29. Rxf4 Nxf4 30. Ne2 Nd3 31. Rb1 Rf7 0-1

[Event "BSF Lang Weekend EMT "]
[Site "Copenhagen"]
[Date "2016.02.14"]
[Round "4"]
[White "Nielsen, Thomas Bach"]
[Black "Ohayv, Nikolaj"]
[Result "0-1"]
[WhiteElo "2134"]
[BlackElo "1899"]
[PlyCount "68"]
[EventDate "2016.02.12"]
[EventType "swiss"]
[EventRounds "7"]
[EventCountry "DEN"]

1. d4 d5 2. c4 e6 3. Nc3 Nf6 4. cxd5 exd5 5. Bg5 c6 6. e3 h6 7. Bh4 Be7 8. Bd3
Ne4 9. Bxe7 Qxe7 10. Bxe4 dxe4 11. Nge2 O-O 12. O-O Bg4 13. h3 Bxe2 14. Qxe2
Nd7 15. a3 Nf6 16. b4 a6 17. Rfc1 Rad8 18. Rab1 Rd6 19. a4 Nh7 20. b5 axb5 21.
axb5 Rg6 22. Qc2 Ng5 23. Kf1 f5 24. bxc6 bxc6 25. Qb3+ Kh7 26. Qb7 Qd6 27. Ne2
f4 28. Nxf4 Rxf4 29. exf4 Qxf4 30. Qb8 Qf6 31. Qe5 Qf7 32. h4 Nf3 33. gxf3 Qxf3
34. h5 Qd3+ 0-1

[Event "BSF Lang Weekend EMT "]
[Site "Copenhagen"]
[Date "2016.02.14"]
[Round "4"]
[White "Mouritsen, Jan"]
[Black "Madsen, Michael Ole"]
[Result "1-0"]
[WhiteElo "1802"]
[BlackElo "2071"]
[PlyCount "73"]
[EventDate "2016.02.12"]
[EventType "swiss"]
[EventRounds "7"]
[EventCountry "DEN"]

1. d4 d5 2. Nf3 Nf6 3. c4 c6 4. Nc3 dxc4 5. e4 b5 6. e5 Nd5 7. a4 a6 8. axb5
Nxc3 9. bxc3 cxb5 10. Ng5 Ra7 11. Qh5 Qd5 12. Be2 g6 13. Qh4 f6 14. exf6 exf6
15. Ne4 Nd7 16. O-O Be7 17. Bf3 Qf5 18. Re1 Kd8 19. Qg3 Bb7 20. Bf4 h5 21. Bc7+
Kc8 22. Ba5 Bd5 23. Re3 h4 24. Nd6+ Bxd6 25. Qxd6 Bxf3 26. Rxf3 Qg5 27. Re1 h3
28. Qc6+ Kb8 29. Rxh3 Rc8 30. Qd6+ Ka8 31. Rhe3 Nb8 32. h3 Rd7 33. Qe6 Rc6 34.
Qg8 Kb7 35. Re8 Qf4 36. g3 Qd6 37. R1e6 1-0

[Event "BSF Lang Weekend EMT "]
[Site "Copenhagen"]
[Date "2016.02.14"]
[Round "4"]
[White "Karlsson, Ulf"]
[Black "Jorgensen, Mikkel"]
[Result "1-0"]
[WhiteElo "2045"]
[BlackElo "1871"]
[PlyCount "91"]
[EventDate "2016.02.12"]
[EventType "swiss"]
[EventRounds "7"]
[EventCountry "DEN"]

1. e4 e5 2. Nf3 Nc6 3. Nc3 Nf6 4. d4 exd4 5. Nxd4 Bb4 6. Nxc6 dxc6 7. Qxd8+
Kxd8 8. f3 Be6 9. Bf4 Kc8 10. a3 Be7 11. O-O-O a6 12. Ne2 c5 13. Be5 Rg8 14.
Nf4 Nd7 15. Bc3 Bg5 16. Bd2 Bxf4 17. Bxf4 b6 18. Be2 Kb7 19. Rd2 Nb8 20. Be3
Nc6 21. f4 f6 22. Bf3 Rad8 23. Rhd1 Kc8 24. e5 Nd4 25. Bxd4 cxd4 26. Rxd4 fxe5
27. fxe5 Rxd4 28. Rxd4 Rd8 29. Rxd8+ Kxd8 30. Kd2 g6 31. Ke3 Ke7 32. h4 c5 33.
b4 Bf5 34. c3 Ke6 35. Kf4 h6 36. g4 Bc2 37. g5 h5 38. Be2 cxb4 39. Bc4+ Ke7 40.
cxb4 a5 41. Bd5 a4 42. Be4 Bxe4 43. Kxe4 Ke6 44. b5 Ke7 45. Kd5 Kd7 46. e6+ 1-0

[Event "BSF Lang Weekend EMT "]
[Site "Copenhagen"]
[Date "2016.02.14"]
[Round "4"]
[White "Yssing, Klaus"]
[Black "Pedersen, Bo V"]
[Result "1-0"]
[WhiteElo "2011"]
[BlackElo "1549"]
[PlyCount "59"]
[EventDate "2016.02.12"]
[EventType "swiss"]
[EventRounds "7"]
[EventCountry "DEN"]

1. d4 Nf6 2. c4 g6 3. Nc3 Bg7 4. Nf3 O-O 5. g3 c6 6. Bg2 d5 7. O-O Na6 8. b3
Nc7 9. Ba3 Bg4 10. Rc1 Re8 11. Ne5 Be6 12. e3 Rb8 13. Bc5 Ra8 14. Ne2 Nd7 15.
Nxd7 Bxd7 16. Qd2 Bf5 17. Rfd1 Qd7 18. Nf4 Bh6 19. Ba3 e5 20. dxe5 Rxe5 21. Bb2
Bxf4 22. exf4 Ree8 23. Qd4 Kf8 24. cxd5 cxd5 25. Qc5+ Re7 26. Ba3 Ke8 27. Qxe7+
Qxe7 28. Bxe7 Kxe7 29. Rxc7+ Kd6 30. Rxb7 1-0

[Event "BSF Lang Weekend EMT "]
[Site "Copenhagen"]
[Date "2016.02.14"]
[Round "4"]
[White "Jorgensen, Olav Erstad"]
[Black "Nielsen, Morten Majlund"]
[Result "0-1"]
[WhiteElo "1423"]
[BlackElo "1995"]
[PlyCount "66"]
[EventDate "2016.02.12"]
[EventType "swiss"]
[EventRounds "7"]
[EventCountry "DEN"]

1. e4 c6 2. d4 d5 3. Nc3 dxe4 4. Nxe4 Bf5 5. Ng3 Bg6 6. Nf3 Nd7 7. h4 h6 8. Bc4
Qc7 9. Be3 e6 10. Qd2 Bd6 11. h5 Bh7 12. Ne2 Ngf6 13. Bf4 Bxf4 14. Nxf4 O-O-O
15. O-O-O Ne4 16. Qe3 Nxf2 17. Qxf2 Qxf4+ 18. Kb1 e5 19. Qe2 e4 20. Nd2 f5 21.
Rhf1 Qg5 22. d5 Ne5 23. dxc6 Nxc6 24. Nb3 Rxd1+ 25. Rxd1 Rd8 26. Nc5 Nd4 27.
Be6+ Nxe6 28. Nxe6 Rxd1+ 29. Qxd1 Qe7 30. Nf4 Qd7 31. Qe2 Bg8 32. Kc1 Qc7 33.
b3 Qxf4+ 0-1

[Event "BSF Lang Weekend EMT "]
[Site "Copenhagen"]
[Date "2016.02.14"]
[Round "4"]
[White "Liu, Casper Yukun"]
[Black "Henriksen, Christian Steen"]
[Result "1-0"]
[WhiteElo "1519"]
[BlackElo "1840"]
[PlyCount "81"]
[EventDate "2016.02.12"]
[EventType "swiss"]
[EventRounds "7"]
[EventCountry "DEN"]

1. e4 e6 2. d4 d5 3. e5 c5 4. c3 Nc6 5. Nf3 Qb6 6. Be2 Nge7 7. O-O cxd4 8. cxd4
Nf5 9. Qd2 Nfxd4 10. Nxd4 Qxd4 11. Qxd4 Nxd4 12. Bd3 Nc6 13. f4 Bc5+ 14. Kh1
Nb4 15. Rf3 Bd7 16. Bd2 Nxd3 17. Rxd3 O-O 18. Nc3 Rac8 19. Rg3 f5 20. Rd1 Bb6
21. Be3 Bxe3 22. Rxe3 Rc4 23. Rf3 Rfc8 24. h3 b5 25. a3 a5 26. Rf2 b4 27. axb4
axb4 28. Na2 b3 29. Nc3 d4 30. Ne2 Rc2 31. Kg1 Rxb2 32. Nxd4 Rxf2 33. Kxf2 Rc3
34. Nxb3 Bb5 35. Nd4 Bc4 36. Rb1 Rd3 37. Rb8+ Kf7 38. Rb7+ Kf8 39. Rd7 Bd5 40.
Nxe6+ Ke8 41. Rxd5 1-0

[Event "BSF Lang Weekend EMT "]
[Site "Copenhagen"]
[Date "2016.02.14"]
[Round "4"]
[White "Kokholm, Daniel"]
[Black "Kristensen, Lars Ostergaard"]
[Result "1-0"]
[WhiteElo "1891"]
[BlackElo "1682"]
[PlyCount "45"]
[EventDate "2016.02.12"]
[EventType "swiss"]
[EventRounds "7"]
[EventCountry "DEN"]

1. f4 Nf6 2. Nf3 c5 3. g3 Nc6 4. d3 b6 5. e4 d6 6. Nbd2 Bb7 7. Bg2 Qc7 8. O-O
e6 9. c3 Be7 10. a3 O-O 11. h3 Rad8 12. g4 e5 13. f5 d5 14. Ne1 dxe4 15. dxe4
Na5 16. Qe2 Qc8 17. b4 cxb4 18. cxb4 Qc3 19. Rb1 Nc6 20. Nef3 Nd4 21. Qe1 Qd3
22. Nxd4 Qxb1 23. Nxb1 1-0

[Event "BSF Lang Weekend EMT "]
[Site "Copenhagen"]
[Date "2016.02.14"]
[Round "4"]
[White "Hvidberg, Rasmus"]
[Black "Pawlak, Wojciech Zbigniew"]
[Result "0-1"]
[WhiteElo "1551"]
[BlackElo "1775"]
[PlyCount "76"]
[EventDate "2016.02.12"]
[EventType "swiss"]
[EventRounds "7"]
[EventCountry "DEN"]

1. e4 e5 2. Nf3 Nc6 3. Bb5 Nf6 4. d3 d6 5. Bg5 Be7 6. c3 O-O 7. Nbd2 Be6 8. d4
exd4 9. cxd4 Nb8 10. O-O a6 11. Ba4 b5 12. Bb3 Bxb3 13. Qxb3 c5 14. Bxf6 Bxf6
15. Qd5 Nd7 16. Qxd6 Be7 17. Qf4 cxd4 18. e5 d3 19. Rfe1 Nc5 20. b4 Ne6 21. Qe4
Qd7 22. a3 Rac8 23. Rac1 Ng5 24. Nxg5 Bxg5 25. f4 Be7 26. g3 Rfd8 27. Kg2 Rc2
28. Qe3 Rdc8 29. Rxc2 Rxc2 30. Rd1 Ra2 31. Qe4 Rxa3 32. Rc1 Ra2 33. Qa8+ Bf8
34. Rd1 Qg4 35. Qf3 Qxf3+ 36. Kxf3 Bxb4 37. Ke3 Ra3 38. Rc1 g6 0-1

[Event "BSF Lang Weekend EMT "]
[Site "Copenhagen"]
[Date "2016.02.14"]
[Round "4"]
[White "van den Brink, Nienke"]
[Black "Eiholt, Bjarne"]
[Result "0-1"]
[WhiteElo "1688"]
[BlackElo "1612"]
[PlyCount "110"]
[EventDate "2016.02.12"]
[EventType "swiss"]
[EventRounds "7"]
[EventCountry "DEN"]

1. Nc3 d5 2. e4 c6 3. e5 Bf5 4. d4 e6 5. Nce2 Qb6 6. c3 c5 7. Nf3 Nc6 8. Qb3
Qc7 9. Be3 cxd4 10. cxd4 Nge7 11. Rc1 Bg6 12. Nc3 Nf5 13. Nb5 Qd7 14. h4 a6 15.
h5 Nxe3 16. fxe3 Bf5 17. Nd6+ Bxd6 18. exd6 h6 19. Ne5 Nxe5 20. dxe5 Rc8 21.
Rc3 O-O 22. Be2 f6 23. exf6 Rxf6 24. Qb6 Rxc3 25. bxc3 e5 26. O-O Rxd6 27. Qb4
Rf6 28. Qh4 Qf7 29. g4 Be4 30. g5 Rxf1+ 31. Bxf1 hxg5 32. Qxg5 Qf6 33. Qxf6
gxf6 34. Be2 Kh7 35. a4 a5 36. Bd1 Kh6 37. Kf2 Kg5 38. Kg3 Bf5 39. Bb3 Be4 40.
Bd1 f5 41. Kf2 f4 42. h6 fxe3+ 43. Kxe3 Kxh6 44. Bb3 Kg5 45. Bd1 Kf5 46. Bb3 b6
47. Bd1 Ke6 48. Be2 Kd6 49. Bb5 Bc2 50. Kd2 Bb3 51. Ke3 Kc5 52. Kd3 e4+ 53. Ke3
Bc4 54. Bd7 Bd3 55. Be6 b5 0-1

[Event "BSF Lang Weekend EMT "]
[Site "Copenhagen"]
[Date "2016.02.14"]
[Round "5"]
[White "Thorsbro, Peter"]
[Black "Aabling Thomsen, Jakob"]
[Result "0-1"]
[WhiteElo "2220"]
[BlackElo "2329"]
[PlyCount "58"]
[EventDate "2016.02.12"]
[EventType "swiss"]
[EventRounds "7"]
[EventCountry "DEN"]

1. d4 f5 2. c4 Nf6 3. g3 g6 4. Bg2 Bg7 5. Nf3 O-O 6. O-O d6 7. Nc3 c6 8. Qd3
Nh5 9. d5 e5 10. dxe6 Bxe6 11. Ng5 Qe8 12. Rb1 Na6 13. b4 Rd8 14. Nxe6 Qxe6 15.
Be3 Qe5 16. Rfc1 f4 17. Bxa7 fxg3 18. hxg3 Nf6 19. Bd4 Qh5 20. Bxf6 Bxf6 21.
Ne4 Bg7 22. Nxd6 Nxb4 23. Qb3 c5 24. Nxb7 Qxe2 25. Qe3 Rde8 26. Qxc5 Nd3 27.
Qd5+ Kh8 28. Nd6 Qxf2+ 29. Kh1 Re5 0-1

[Event "BSF Lang Weekend EMT "]
[Site "Copenhagen"]
[Date "2016.02.14"]
[Round "5"]
[White "Nielsen, Klaus"]
[Black "Nilssen, John Arni"]
[Result "0-1"]
[WhiteElo "2097"]
[BlackElo "2285"]
[PlyCount "118"]
[EventDate "2016.02.12"]
[EventType "swiss"]
[EventRounds "7"]
[EventCountry "DEN"]

1. d4 d5 2. Nf3 e6 3. e3 Nd7 4. Bd3 Bd6 5. Nbd2 f5 6. c4 c6 7. cxd5 cxd5 8. b3
Nh6 9. Bb2 Nf7 10. h3 h5 11. Be2 Qf6 12. Qc2 g5 13. O-O-O g4 14. Ne1 Nf8 15.
Bb5+ Ke7 16. Kb1 a6 17. Be2 Bd7 18. Rc1 Ng6 19. Nd3 b6 20. hxg4 hxg4 21. f3
Rac8 22. Qd1 Rxh1 23. Qxh1 Qg5 24. Rxc8 Bxc8 25. f4 Qh4 26. Qc1 Bb7 27. Ne5 Kf6
28. Qg1 Qg3 29. Nxg6 Kxg6 30. Bc3 Qh4 31. g3 Qh3 32. Bf1 Qh8 33. Bd3 Qc8 34.
Bb2 Nh6 35. Qd1 Kg7 36. Qh1 Ng8 37. Qh5 Be7 38. Nf1 Nf6 39. Qg5+ Kf7 40. Qh6 a5
41. Nd2 Ba6 42. Bc2 Qg8 43. Qh2 Qg6 44. Qf2 Qh7 45. a3 Qh1+ 46. Ka2 Qh3 47. Nb1
Nh5 48. Nc3 Nxg3 49. Na4 Bd8 50. e4 fxe4 51. f5 Nxf5 52. Qf4 Qg3 53. Qc1 Bd3
54. Bd1 Qe1 55. Bc3 Qf2+ 56. Nb2 Ne3 57. Ka1 Nxd1 58. Nxd1 Qc2 59. Qf4+ Bf6 0-1

[Event "BSF Lang Weekend EMT "]
[Site "Copenhagen"]
[Date "2016.02.14"]
[Round "5"]
[White "Fredericia, Louise Winther"]
[Black "Pedersen, Hans Dahl"]
[Result "1/2-1/2"]
[WhiteElo "2093"]
[BlackElo "2190"]
[PlyCount "39"]
[EventDate "2016.02.12"]
[EventType "swiss"]
[EventRounds "7"]
[EventCountry "DEN"]

1. e4 c5 2. Nc3 Nc6 3. Bb5 g6 4. Bxc6 dxc6 5. d3 Bg7 6. f4 Nf6 7. Nf3 O-O 8.
O-O Bg4 9. Be3 Nd7 10. Qe1 e5 11. f5 gxf5 12. exf5 Bxf5 13. Nh4 Bg6 14. Nf5 b6
15. Ne4 Nf6 16. Bg5 Bxf5 17. Rxf5 Qd4+ 18. Be3 Qd8 19. Bg5 Qd4+ 20. Be3 1/2-1/2

[Event "BSF Lang Weekend EMT "]
[Site "Copenhagen"]
[Date "2016.02.14"]
[Round "5"]
[White "Vasli, Aref"]
[Black "Schou Moldt, Thomas"]
[Result "0-1"]
[WhiteElo "2169"]
[BlackElo "2216"]
[PlyCount "150"]
[EventDate "2016.02.12"]
[EventType "swiss"]
[EventRounds "7"]
[EventCountry "DEN"]

1. e4 d6 2. d4 Nf6 3. Nc3 g6 4. Be3 c6 5. f3 b5 6. Qd2 Nbd7 7. Bh6 Bxh6 8. Qxh6
Qa5 9. Qd2 a6 10. Nge2 c5 11. dxc5 dxc5 12. O-O-O Bb7 13. Kb1 Qc7 14. Nf4 O-O-O
15. Qe3 Nb6 16. Be2 c4 17. a3 e5 18. Nh3 Bc6 19. g3 Kb7 20. Nf2 Qe7 21. Rxd8
Rxd8 22. Rd1 Rxd1+ 23. Bxd1 h5 24. Kc1 Qd6 25. Nh3 Nfd7 26. f4 a5 27. Ng5 f6
28. Nf3 Kc7 29. Qd2 Qxd2+ 30. Kxd2 Kd6 31. Nh4 b4 32. axb4 axb4 33. Na2 Bxe4
34. Nxb4 exf4 35. gxf4 g5 36. fxg5 fxg5 37. Nf3 g4 38. Nd4 Ke5 39. Nbc6+ Bxc6
40. Nxc6+ Ke4 41. b3 Nf6 42. Ke2 Nfd5 43. Kf2 Nc3 44. Bxg4 hxg4 45. bxc4 Kf4
46. Nb4 Ne4+ 47. Kg2 Nxc4 48. Nd3+ Kf5 49. Kg1 Kg5 50. c3 Kf5 51. Kg2 Ne3+ 52.
Kg1 Ng5 53. Kf2 Nd1+ 54. Kg2 Ne4 55. Nc1 Ne3+ 56. Kg1 Nxc3 57. Kf2 Ned5 58. Nd3
Nf4 59. Nb2 Ne4+ 60. Kf1 Nd2+ 61. Kf2 Nh3+ 62. Kg2 Ne4 63. Nc4 Kf4 64. Nb2 Ke3
65. Nc4+ Kd4 66. Nb6 Nf4+ 67. Kg1 Kd3 68. Nd7 Ng6 69. Kg2 Ke3 70. Nb6 Nf4+ 71.
Kh1 Kf2 72. Nc4 Nh3 73. Nd2 Nhg5 74. Nc4 Nf3 75. Nb2 Kf1 0-1

[Event "BSF Lang Weekend EMT "]
[Site "Copenhagen"]
[Date "2016.02.14"]
[Round "5"]
[White "Akdag, Dara Sevkan"]
[Black "Moe, Mogens"]
[Result "1/2-1/2"]
[WhiteElo "2182"]
[BlackElo "2105"]
[PlyCount "71"]
[EventDate "2016.02.12"]
[EventType "swiss"]
[EventRounds "7"]
[EventCountry "DEN"]

1. d4 Nf6 2. c4 g6 3. f3 d5 4. cxd5 Nxd5 5. e4 Nb6 6. Nc3 Bg7 7. Be3 O-O 8. h4
Nc6 9. d5 Ne5 10. Qb3 e6 11. Rd1 Qe7 12. a4 exd5 13. a5 d4 14. Bxd4 Be6 15. Qb5
Nbd7 16. Nd5 Bxd5 17. Qxd5 c6 18. Qb3 b5 19. axb6 axb6 20. h5 b5 21. hxg6 hxg6
22. f4 Ng4 23. e5 Rfd8 24. Be2 c5 25. Bxg4 cxd4 26. Bxd7 Qxd7 27. Rh3 Qc6 28.
Ne2 Qxg2 29. Qf3 Qxf3 30. Rxf3 g5 31. Rxd4 Rxd4 32. Nxd4 gxf4 33. Nc6 Re8 34.
Rb3 Bxe5 35. Kf1 Re6 36. Rxb5 1/2-1/2

[Event "BSF Lang Weekend EMT "]
[Site "Copenhagen"]
[Date "2016.02.14"]
[Round "5"]
[White "Thuesen, Mogens Henrik"]
[Black "Jacobsen, Mikkel Manosri"]
[Result "1-0"]
[WhiteElo "2169"]
[BlackElo "2188"]
[PlyCount "59"]
[EventDate "2016.02.12"]
[EventType "swiss"]
[EventRounds "7"]
[EventCountry "DEN"]

1. e4 c6 2. d4 d5 3. e5 Bf5 4. Nf3 e6 5. Nbd2 Ne7 6. Nb3 Nd7 7. Be2 h6 8. O-O
Qc7 9. a4 g5 10. Bd2 Ng6 11. a5 Be7 12. c4 f6 13. a6 b6 14. cxd5 exd5 15. Rc1
O-O 16. Bb5 Nb8 17. exf6 Bd6 18. Re1 Qf7 19. Bxc6 Nxc6 20. Rxc6 Qxf6 21. Ne5
Be4 22. f3 Nxe5 23. dxe5 Qxe5 24. Rxd6 Qxd6 25. Bc3 Bxf3 26. gxf3 Rf7 27. Qd4
Kh7 28. Qd3+ Kg8 29. Nd4 Raf8 30. Ne6 1-0

[Event "BSF Lang Weekend EMT "]
[Site "Copenhagen"]
[Date "2016.02.14"]
[Round "5"]
[White "Nielsen, Viktor"]
[Black "Andersen, Daniel"]
[Result "1-0"]
[WhiteElo "2189"]
[BlackElo "1906"]
[PlyCount "101"]
[EventDate "2016.02.12"]
[EventType "swiss"]
[EventRounds "7"]
[EventCountry "DEN"]

1. Nf3 Nf6 2. c4 g6 3. g3 c6 4. Bg2 Bg7 5. O-O O-O 6. d4 d5 7. cxd5 cxd5 8. Nc3
Nc6 9. Qb3 Na5 10. Qb4 Nc6 11. Qa4 Bd7 12. Rd1 a6 13. Bf4 b5 14. Qc2 Qb6 15.
Ne5 e6 16. Nxc6 Qxc6 17. Rac1 Rac8 18. Qb3 Qb6 19. Na4 Qa7 20. Nc5 Rc6 21. e3
Rfc8 22. Be5 Ne4 23. Bxe4 Bxe5 24. Bf3 Bf6 25. Qd3 b4 26. Kg2 Be7 27. Nb3 Rxc1
28. Rxc1 Rxc1 29. Nxc1 Qc7 30. Qd1 Bb5 31. Be2 Bc4 32. Qc2 Bd6 33. b3 Bb5 34.
Qxc7 Bxc7 35. Bxb5 axb5 36. Kf3 Kf8 37. h3 Ke7 38. h4 h5 39. Nd3 Bd6 40. Kg2 f5
41. f3 Kf6 42. Kh3 Kf7 43. Nf2 e5 44. dxe5 Bxe5 45. Nd3 Bd6 46. g4 Ke6 47. gxh5
gxh5 48. Kg2 Be7 49. Nf4+ Ke5 50. Kg3 d4 51. Ng6+ 1-0

[Event "BSF Lang Weekend EMT "]
[Site "Copenhagen"]
[Date "2016.02.14"]
[Round "5"]
[White "Laustsen, Lars"]
[Black "Frank Nielsen, Marie"]
[Result "1-0"]
[WhiteElo "2102"]
[BlackElo "1968"]
[PlyCount "81"]
[EventDate "2016.02.12"]
[EventType "swiss"]
[EventRounds "7"]
[EventCountry "DEN"]

1. d4 Nf6 2. c4 g6 3. Nf3 Bg7 4. Nc3 d6 5. g3 O-O 6. Bg2 Nbd7 7. O-O c5 8. d5
a6 9. a4 Rb8 10. Re1 Ne8 11. e4 Nc7 12. Bf4 b5 13. cxb5 axb5 14. e5 b4 15. exd6
exd6 16. Ne4 Bxb2 17. Rb1 Bg7 18. Bxd6 Re8 19. Nxc5 Nf6 20. Rxe8+ Nfxe8 21. Bf4
Bf5 22. Rb3 Bf8 23. Nd3 Qxd5 24. Nfe5 Qe6 25. Nc6 Rb6 26. Ndxb4 Bc5 27. a5 Bg4
28. Qb1 Bf5 29. Qd1 Bg4 30. Qb1 Bf5 31. Qc1 Rxc6 32. Nxc6 Qxb3 33. Qxc5 Qd1+
34. Bf1 Ne6 35. Ne7+ Kh8 36. Qc8 Nxf4 37. Qxe8+ Kg7 38. Nxf5+ Kf6 39. gxf4 gxf5
40. Qc6+ Kg7 41. a6 1-0